书目信息 |
| 题名: |
世界大案秘闻
|
|
| 作者: | 汪宗兴 , 李玉安 选编 | |
| 分册: | ||
| 出版信息: | 上海 上海翻译出版公司 1984 |
|
| 页数: | 345页 | |
| 开本: | 19cm | |
| 丛书名: | ||
| 单 册: | ||
| 中图分类: | D55 , D910 | |
| 科图分类: | ||
| 主题词: | 政治事件--世界 , 法学--部门 | |
| 电子资源: | ||
| ISBN: | ||
| 000 | 00660nam0 2200253 45 | |
| 001 | 1546574168 | |
| 005 | 20150128111521.87 | |
| 010 | @dCNY1.50 | |
| 091 | @aCN@b6311.6 | |
| 100 | @a19950605d1984 emky0chiy0121 ea | |
| 101 | 1 | @achi |
| 102 | @aCN@b310000 | |
| 105 | @ay z 000yy | |
| 200 | 10 | @a世界大案秘闻@Ashi jie da an mi wen@f汪宗兴,李玉安选编 |
| 210 | @a上海@c上海翻译出版公司@d1984 | |
| 215 | @a345页@d19cm | |
| 606 | @a政治事件@y世界 | |
| 606 | 0 | @a法学@x部门 |
| 690 | @aD55@v3 | |
| 690 | @aD910@v4 | |
| 701 | 0 | @a汪宗兴@Awang zong xing@4选编 |
| 701 | 0 | @a李玉安@Ali yu an@4选编 |
| 801 | 0 | @aCN@bTSSF@c20150128 |
| 905 | @aZUCC@dD910@eJY29 | |
| 世界大案秘闻/汪宗兴,李玉安选编.-上海:上海翻译出版公司,1984 |
| 345页;19cm |
| ISBN :CNY1.50 |
| ● |
| 相关链接 |
|
|
|
|
正题名:世界大案秘闻
索取号:D910/JY29
 
预约/预借
| 序号 | 登录号 | 条形码 | 馆藏地/架位号 | 状态 | 备注 |
| 1 | 7840773 | 278407733 | 学院路分馆/ [索取号:D910/JY29] | 在馆 | |
| 2 | 7840774 | 278407742 | 学院路分馆/ [索取号:D910/JY29] | 在馆 |